Física (Registro nro. 9431)

Detalles MARC
000 -LIDER
fixed length control field 00904nam a22003017a 4500
001 - NÚMERO DE CONTROL
Identificador de número de control 000208
003 - IDENTIFICACDOR DE NÚMERO DE CONTROL
control field DO-SdBNP
005 - DATE AND TIME OF LATEST TRANSACTION
control field 20180313153609.0
007 - CAMPOS FIJOS DE DESCRIPCIÓN FÍSICA
fixed length control field 000208
008 - ELEMENTOS DE LONGITUD FIJA
fixed length control field 151210b 2002 mx a 00| 0 spa d
040 ## - FUENTE DE CATALOGACIÓN
Agencia que crea de manera original el registro BPMSU
Idioma de catalogación spa
Agencia que realiza la transcripción BPMSU
092 ## - LOCALLY ASSIGNED DEWEY DECIMAL CALL NUMBER
Número de clasificación xxxx
Número de ítem (Cutter) xxxx
100 1# - ASIENTO PRINCIPAL -- NOMBRE PERSONAL
Nombre personal Tippens, Paul E.
245 10 - MENCIÓN DE TITULO
Título Física
Subtítulo conceptos y aplicaciones
Mención de responsabilidad Paul E. Tippens, Paul Zitzewitz, Graig Kramer ; traducción Ángel Carlos González Ruiz
250 ## - MENCIÓN DE EDICION
Mención de edición 6a. ed.
260 ## - PUBLICACIÓN, DISTRIBUCIÓN, ETC. (PIE DE IMPRENTA)
Lugar de publicación, distribución, etc México ;
Nombre del editor, distribuidor, etc. McGraw-Hill,
Fecha de publicación, distribución, etc 2002.
300 ## - DESCRIPCIÓN FÍSICA
Extensión vi, 542 p.;
Otros detalles físicos il.
Dimensiones 28 cm. + CD Room
500 ## - NOTA GENERAL
Nota general Manual del profesor.
500 ## - NOTA GENERAL
Nota general Best seller internacional
700 12 - ASIENTO SECUNDARIO -- NOMBRE PERSONAL
Nombre personal Zitzewitz, Paul
700 12 - ASIENTO SECUNDARIO -- NOMBRE PERSONAL
Nombre personal Kramer, Graig
700 12 - ASIENTO SECUNDARIO -- NOMBRE PERSONAL
Nombre personal González Ruiz, Ángel Carlos
700 12 - ASIENTO SECUNDARIO -- NOMBRE PERSONAL
Nombre personal Godo Costa, Juan
Mención de responsabilidad trad.
910 ## - VALIDACIÓN
Validación 00144
942 ## - ADDED ENTRY ELEMENTS (KOHA)
Source of classification or shelving scheme Dewey Decimal Classification
Koha item type Libros
945 ## - INFORMACIÓN DE PROCESAMIENTO LOCAL
Información de procesamiento local Inventariado, 2018/ YL
956 ## - LOCAL ELECTRONIC LOCATION AND ACCESS (OCLC)
Nombre de host Yngrid Lockward
Número de acceso 10
Información de compresión BPMSU
Existencias
Withdrawn status Lost status Source of classification or shelving scheme Damaged status Not for loan Collection code Home library Current library Date acquired Source of acquisition Total Checkouts Barcode Date last seen Price effective from Koha item type
    Dewey Decimal Classification     Colección General Biblioteca Pública Metropolitana Salomé Ureña Biblioteca Pública Metropolitana Salomé Ureña 03/30/2016 Donación   BPMSU16030314 03/30/2016 03/30/2016 Libros
    Dewey Decimal Classification     Colección General Biblioteca Pública Metropolitana Salomé Ureña Biblioteca Pública Metropolitana Salomé Ureña 03/30/2016 Donación   BPMSU16030315 03/30/2016 03/30/2016 Libros